00392nam a2200157Ia 45000010006000000050017000060080041000230410008000640820025000721000037000972450062001342600009001963000013002056500008002186540008002262440720260414151041.0260414t2010||||xx |||||||||||||| ||spa|| aESP a345.7bH56 T. 2 2010 aHinostroza Minguez, AlbertoeAUT 0aDerecho procesal civil :bnulidad de los actos procesales c2010 ac24 cm. aDER aCDE